000 00601nam a2200205Ia 4500
001 21570
003 GE_BSU
008 181216s||||||||xx |||||||||||||| ||und||
040 _cGE_BSU
245 _aКлиническая медицина. Том 95. №7, 2017.
245 _cГл. ред. В.Б.Симоненко.
260 _aМосква
260 _bМедицина
260 _c2017
300 _a672стр; 29 см.
653 _aКлиническая медицина. Том 95. №7, 2017.
653 _aПериодика
653 _aპერიოდიკა
942 _cCR
999 _c54507
_d54507